| 000 | 01303nas1a22002651i 4500 | ||
|---|---|---|---|
| 001 | RU\NLR\INFOCOMM33\1000079483 | ||
| 005 | 20240726065021.0 | ||
| 035 | _a(NLR Aleph) 002533075 | ||
| 090 |
_a2866750 _c2866750 |
||
| 100 | _a20040429c1973 |||y0rusy50 ca | ||
| 101 | 0 | _arus | |
| 102 | _aRU | ||
| 110 | _aayu||||0|y0 | ||
| 200 | 1 |
_aМатериалы Мирового центра данных МЦД-Б _fМеждувед. геофиз. ком. при Президиуме АН СССР |
|
| 210 |
_aМ. _d1973- |
||
| 309 | _aОтпеч. множит. аппаратом | ||
| 710 | 0 | 2 |
_aМировой центр сбора данных международного геофизического года Б _4070 |
| 801 | 1 |
_aRU _bInfoComm _c20040429 |
|
| 801 | 0 |
_aRU _bNLR _gPSBO |
|
| 852 |
_aNLR _jП7/1528 |
||
| 942 | _cJOURNAL | ||
| 980 | _aRUSPER | ||